LIBRARY & INFORMATION CENTRE, KCAET, TAVANUR

ONLINE PUBLIC ACCESS CATALOGUE (OPAC)

Hydraulic Machines / (Record no. 1779)

MARC details
000 -LEADER
fixed length control field 00301cam a2200121ua 4500
082 ## - DEWEY DECIMAL CLASSIFICATION NUMBER
Classification number 621.2
Item number JAG/HY
100 ## - MAIN ENTRY--AUTHOR NAME
Personal name Jagadish, Lal .
245 ## - TITLE STATEMENT
Title Hydraulic Machines /
250 ## - EDITION STATEMENT
Edition statement 6 /
260 ## - PUBLICATION, DISTRIBUTION, ETC. (IMPRINT)
Place of publication New Delhi :
Name of publisher Metropolitan Book Co. Pvt Ltd ,
Year of publication 1979.
300 ## - PHYSICAL DESCRIPTION
Number of Pages 585 :
Other physical details ` ; .
942 ## - ADDED ENTRY ELEMENTS (KOHA)
Koha item type Books
Holdings
Withdrawn status Lost status Damaged status Home library Current library Date acquired Full call number Accession Number Koha item type
      KAUAET KAUAET 07/04/2012 621.2 14267 Books
      KAUAET KAUAET 07/04/2012 621.2 1892 Books
      KAUAET KAUAET 07/04/2012 621.2 14266 Books
      KAUAET KAUAET 07/04/2012 621.2 14268 Books
Withdrawn     KAUAET KAUAET 07/04/2012 621.2 14270 Books
free website counter